000 00445nam a2200145Ia 4500
008 170725s9999 xx 000 0 und d
100 _aHelen G. Gabre
245 _aCPA credential perceptions: a case study of Hispanic accountants
245 _cHelen G. Gabre, Dale L. Flesher & Frank Ross
260 _c2017
300 _apages 54-77, February
440 _aAccounting Education
_v26:1
500 _aCJ0028
650 _aAccounting Education
999 _c340853
_d340853